Social rents (Record no. 117700)

MARC details
000 -LEADER
fixed length control field 01077cam a2200229 4500
001 - CONTROL NUMBER
control field WB@3612-530
008 - FIXED-LENGTH DATA ELEMENTS--GENERAL INFORMATION
fixed length control field 040715n2004 000 0 eng u
035 ## - SYSTEM CONTROL NUMBER
System control number (Sirsi) u126784
245 ## - TITLE STATEMENT
Title Social rents
260 ## - PUBLICATION, DISTRIBUTION, ETC.
Date of publication, distribution, etc. 2004
490 ## - SERIES STATEMENT
Series statement ODPM News Release
Volume/sequential designation 2004/0156 14 July 2004 (2)
520 ## - SUMMARY, ETC.
Summary, etc. According to a three year government interim review, the restructuring of social rents in England has ensured a fairer and more coherent system. Although there are a few areas of the policy that need amending, overall it is working well. The policy aims, over a 10-year period (which started from April 2002), to encourage councils and housing associations to set their rents within +/-5% of the levels given by a national formula that reflects property size, location and condition. http://www.odpm.gov.uk/pns/DisplayPN.cgi?pn_id=200 4_0156
590 ## - LOCAL NOTE (RLIN)
Local note WB
590 ## - LOCAL NOTE (RLIN)
Local note WB
650 ## - SUBJECT ADDED ENTRY--TOPICAL TERM
Topical term or geographic name entry element SOCIAL RENTS
650 ## - SUBJECT ADDED ENTRY--TOPICAL TERM
Topical term or geographic name entry element RENT REGULATION
650 ## - SUBJECT ADDED ENTRY--TOPICAL TERM
Topical term or geographic name entry element RESTRUCTURING
650 ## - SUBJECT ADDED ENTRY--TOPICAL TERM
Topical term or geographic name entry element SOCIAL HOUSING
650 ## - SUBJECT ADDED ENTRY--TOPICAL TERM
Topical term or geographic name entry element ENGLAND
690 ## - LOCAL SUBJECT ADDED ENTRY--TOPICAL TERM (OCLC, RLIN)
Topical term or geographic name as entry element HOUSING-SOCIAL HOUSING
942 ## - ADDED ENTRY ELEMENTS (KOHA)
Suppress in OPAC 0
Holdings
Withdrawn status Lost status Source of classification or shelving scheme Damaged status Not for loan Home library Current library Shelving location Date acquired Total Checkouts Full call number Barcode Date last seen Copy number Price effective from Koha item type
    Dewey Decimal Classification     London London News article 15/07/2004   WB4027-13 126784-1001 06/08/2019 1 06/08/2019 News article